| 000 | 00951nam a22002537a 4500 | ||
|---|---|---|---|
| 005 | 20260430171927.0 | ||
| 008 | 260430b |||||||| |||| 00| 0 eng d | ||
| 020 | _a9788178246789 (pbk) | ||
| 037 | _cREF | ||
| 040 |
_aCRL _cCRL |
||
| 041 |
_2eng _aeng |
||
| 084 |
_aP:23 R3 (RR) _qCRL |
||
| 100 |
_aDeshpande, Prachi _9982679 |
||
| 245 |
_aScripts of power: _bWritings, language practices, and cultural history in western India |
||
| 246 |
_aHedgehog and fox: _bhistory and politics series/ / Editor Rudrangshu Mukhejee |
||
| 260 |
_aRanikhet, India: _bPermanent Black, _c2023. |
||
| 300 | _axii, 315p. | ||
| 365 |
_b695.00 _cINR |
||
| 490 | _aHedgehog and fox: history and politics series/ Editor Rudrangshu Mukhejee | ||
| 650 | _aLinguistics | ||
| 650 | _aWriting | ||
| 942 |
_2CC _cREF _hP:23 R3 (RR) _n0 |
||
| 999 |
_c1850953 _d1850953 |
||